| 000 | 00483nam a2200169Ia 4500 | ||
|---|---|---|---|
| 999 |
_c7529 _d7529 |
||
| 003 | OSt | ||
| 005 | 20200123134505.0 | ||
| 008 | 190216s9999||||xx |||||||||||||| ||und|| | ||
| 020 | _a9788120339125 | ||
| 040 | _coclc | ||
| 082 |
_a651.7 _bKON/C |
||
| 100 | 1 |
_aKonar, Nira _91476 |
|
| 245 | 0 |
_aCommunication Skills For Professionals / _cNira Konar |
|
| 260 |
_bPHI Learning, _c2009. _aNew Delhi: |
||
| 300 | _a193p | ||
| 942 |
_cBK _2ddc _h651.7 _iKON/C _k651.7 _mKON/C |
||